<?xml version="1.0" encoding="UTF-8"?>
<record
    xmlns:xsi="http://www.w3.org/2001/XMLSchema-instance"
    xsi:schemaLocation="http://www.loc.gov/MARC21/slim http://www.loc.gov/standards/marcxml/schema/MARC21slim.xsd"
    xmlns="http://www.loc.gov/MARC21/slim">

  <leader>00876nam a22002657a 4500</leader>
  <controlfield tag="005">20170123162351.0</controlfield>
  <datafield tag="010" ind1=" " ind2=" ">
    <subfield code="a">A-056427</subfield>
  </datafield>
  <datafield tag="020" ind1=" " ind2=" ">
    <subfield code="c">12.30</subfield>
  </datafield>
  <datafield tag="035" ind1=" " ind2=" ">
    <subfield code="a">A-056427</subfield>
  </datafield>
  <datafield tag="037" ind1=" " ind2=" ">
    <subfield code="b">Cen Lib/Ret</subfield>
  </datafield>
  <datafield tag="040" ind1=" " ind2=" ">
    <subfield code="a">DPL</subfield>
    <subfield code="b">UR</subfield>
  </datafield>
  <datafield tag="082" ind1=" " ind2=" ">
    <subfield code="a">610.73</subfield>
    <subfield code="b">&#x641; &#x627; &#x631; </subfield>
  </datafield>
  <datafield tag="100" ind1=" " ind2=" ">
    <subfield code="a">&#x641;&#x627;&#x631;&#x648;&#x642;&#x6CC;&#x60C; &#x62D;&#x633;&#x6CC;&#x646; </subfield>
    <subfield code="9">399</subfield>
  </datafield>
  <datafield tag="245" ind1=" " ind2=" ">
    <subfield code="a">/ &#x62A;&#x6CC;&#x645;&#x627;&#x631;&#x62F;&#x627;&#x631;&#x6CC; </subfield>
    <subfield code="c">&#x62D;&#x633;&#x6CC;&#x646; &#x641;&#x627;&#x631;&#x648;&#x642;&#x6CC;</subfield>
  </datafield>
  <datafield tag="246" ind1=" " ind2=" ">
    <subfield code="a">Timardari /</subfield>
    <subfield code="b">by Haseen Farooqi </subfield>
  </datafield>
  <datafield tag="260" ind1=" " ind2=" ">
    <subfield code="a">&#x646;&#x626;&#x6CC; &#x62F;&#x6C1;&#x644;&#x6CC;</subfield>
    <subfield code="b">&#x62A;&#x631;&#x642;&#x6CC; &#x627;&#x631;&#x62F;&#x648; &#x628;&#x6CC;&#x648;&#x631;&#x648;</subfield>
    <subfield code="c">1989</subfield>
  </datafield>
  <datafield tag="270" ind1=" " ind2=" ">
    <subfield code="a">&#x688;&#x627;&#x626;&#x631;&#x6A9;&#x691;&#x626;&#x632; &#x641;&#x64A; &#x627;&#x631;&#x62F;&#x648; &#x628;&#x6CC;&#x648;&#x631;&#x648;&#x627;'&#x648;&#x628;&#x679; &#x628;&#x644;&#x627; &#x6A9;&#x62A;8 &#x622;&#x631; &#x6A9;&#x6D2; &#x67E;&#x648;&#x631; &#x645;</subfield>
    <subfield code="b">&#x646;&#x626;&#x6CC; &#x62F;&#x6C1;&#x644;&#x6CC;</subfield>
    <subfield code="e">110066</subfield>
  </datafield>
  <datafield tag="300" ind1=" " ind2=" ">
    <subfield code="a">256p. </subfield>
    <subfield code="c">18cm(Hb)</subfield>
  </datafield>
  <datafield tag="500" ind1=" " ind2=" ">
    <subfield code="a">&#x627;&#x646;&#x688;&#x6A9;&#x633; </subfield>
  </datafield>
  <datafield tag="650" ind1=" " ind2=" ">
    <subfield code="a">&#x627;&#x631;&#x62F;&#x648; &#x627;&#x62F;&#x628;</subfield>
    <subfield code="9">136546</subfield>
  </datafield>
  <datafield tag="650" ind1=" " ind2=" ">
    <subfield code="a">&#x637;&#x628;&#x6CC;</subfield>
    <subfield code="9">1931</subfield>
  </datafield>
  <datafield tag="650" ind1=" " ind2=" ">
    <subfield code="a">Urdu Literature</subfield>
    <subfield code="9">136547</subfield>
  </datafield>
  <datafield tag="650" ind1=" " ind2=" ">
    <subfield code="a">Medical sciences Medicine</subfield>
    <subfield code="9">136548</subfield>
  </datafield>
  <datafield tag="942" ind1=" " ind2=" ">
    <subfield code="2">ddc</subfield>
    <subfield code="c">UR</subfield>
    <subfield code="h">610.73</subfield>
    <subfield code="m">&#x641; &#x627; &#x631; </subfield>
  </datafield>
  <datafield tag="999" ind1=" " ind2=" ">
    <subfield code="c">109246</subfield>
    <subfield code="d">109246</subfield>
  </datafield>
  <datafield tag="952" ind1=" " ind2=" ">
    <subfield code="0">0</subfield>
    <subfield code="1">0</subfield>
    <subfield code="4">0</subfield>
    <subfield code="7">0</subfield>
    <subfield code="a">L</subfield>
    <subfield code="b">L</subfield>
    <subfield code="d">2016-02-27</subfield>
    <subfield code="e">Cen Lib/Ref</subfield>
    <subfield code="g">12.30</subfield>
    <subfield code="l">0</subfield>
    <subfield code="o">610.73 &#x641; &#x627; &#x631;</subfield>
    <subfield code="p">A-056427</subfield>
    <subfield code="r">2016-02-27 00:00:00</subfield>
    <subfield code="t">1</subfield>
    <subfield code="v">12.30</subfield>
    <subfield code="w">2016-02-27</subfield>
    <subfield code="y">UR</subfield>
  </datafield>
</record>
